| 000 | 00399 a2200145 4500 | ||
|---|---|---|---|
| 999 |
_c4886 _d4886 |
||
| 020 | _a0446385077 | ||
| 050 | _aHD70PET1983 | ||
| 100 | _aPeters, Thomas J. | ||
| 245 |
_aIn search of excellence / _cThomas J . Peters and Robert H. Waterman |
||
| 264 |
_aNew York _bWarmer Books _c1983 |
||
| 300 | _a360p. | ||
| 500 | _aIncludes index | ||
| 650 | _aIndustrial management | ||
| 942 |
_2lcc _cBK _h70 _iPET _kHD |
||